Statystyki dla Ludzie quiz #7 - Piosenkarze i piosenkarki

Kliknij tutaj aby rozwiązać quiz!

Ogólne statystyki

  • Ten quiz został rozwiązany 42 razy
  • Średni wynik to 11 z 16

Statystyki odpowiedzi

Odpowiedź% Poprawnych
Sławomir
100%
Kamil Bednarek
95%
Dawid Kwiatkowski
92%
Krzysztof Krawczyk
92%
Rihanna
89%
Shakira
84%
Young Leosia
84%
Kayah
76%
Beyoncé
70%
Dua Lipa
59%
Czesław Niemen
57%
John Lennon
54%
Lady Gaga
54%
Anna Jantar
43%
Ania Dąbrowska
35%
Tomasz Organek
35%

Rozkład punktacji

Percentyl według liczby udzielonych odpowiedzi

Procent ludzi z każdym wynikiem

Twoja historia wyników

Nie rozwiązałeś tego quizu